BRANDING INDIA AN INCREDIBLE STORY (Record no. 15769)
[ view plain ]
| 000 -LEADER | |
|---|---|
| fixed length control field | 00353nam a2200133Ia 4500 |
| 008 - FIXED-LENGTH DATA ELEMENTS--GENERAL INFORMATION | |
| fixed length control field | 240624s9999 xx 000 0 und d |
| 041 ## - LANGUAGE CODE | |
| Language code of text/sound track or separate title | eng |
| 082 ## - DEWEY DECIMAL CLASSIFICATION NUMBER | |
| Classification number | 658.827 KAN |
| 100 ## - MAIN ENTRY--PERSONAL NAME | |
| Personal name | KANT AMITABH |
| 245 ## - TITLE STATEMENT | |
| Title | BRANDING INDIA AN INCREDIBLE STORY |
| 260 ## - PUBLICATION, DISTRIBUTION, ETC. | |
| Date of publication, distribution, etc. | 2009 |
| Place of publication, distribution, etc. | New Delhi |
| Name of publisher, distributor, etc. | HarperCollins Publishers |
| 300 ## - PHYSICAL DESCRIPTION | |
| Extent | 267 : p. : cm. ; 24 |
| 365 ## - TRADE PRICE | |
| Currency code | RS |
| Price amount | 27 |
| Withdrawn status | Lost status | Damaged status | Not for loan | Home library | Current library | Shelving location | Date acquired | Source of acquisition | Cost, normal purchase price | Full call number | Barcode | Date last seen | Copy number | Price effective from | Koha item type |
|---|---|---|---|---|---|---|---|---|---|---|---|---|---|---|---|
| IMTN | IMTN | Rack 37-A | 10/05/2010 | BWE | 499.00 | 658.827 KAN | 15769 | 06/24/2024 | 1 | 06/24/2024 | Books |